000 00698nam a22002177a 4500
005 20170124110003.0
010 _aB-079999
020 _c00.00
035 _aB-079999
037 _bCen Lib/Ret
040 _aDPL
_bEN
082 _a347.012
_bNOO
100 _aNoorani, A.G.
_94247
245 _aCitizens' rights, judges and state accountability /
_cby A.G.Noorani
260 _aNew Delhi
_bOxford University Press
_c2002
270 _aYACM Library Building, Jai Singh Road
_bNew Delhi
_e110001
300 _aix,396p.
_b21cm(Hb)
650 _aConstitutional law -- India.
_916356
650 _aJustice, Administration of -- India.
_916357
942 _2ddc
_cEN
_h347.012
_mNOO
999 _c126029
_d126029